000 00472nam a2200169Ia 4500
008 240729s9999 xx 000 0 und d
022 _a1842-4309
245 0 _aNotulae Botanicae Horti Agrobotanici Cluj-Napoca
260 _aRomania
260 _bAcademicPres
650 _a Agriculture (General)
650 _a Forestry | Agriculture
650 _aAgriculture
856 _uhttps://doaj.org/toc/f048412a00de4fb1879bbf44feb5368a
942 _2ddc
942 _cDOAJEJ
999 _c69345
_d69345
945 _a1
_bMadushi Gamage
_c1
_dMadushi Gamage